| 000 | 00401nam a2200169Ia 4500 | ||
|---|---|---|---|
| 003 | NUST | ||
| 005 | 20230516145437.0 | ||
| 008 | 190125s9999 xx 000 0 und d | ||
| 020 | _a0679804404 | ||
| 040 | _cDLC | ||
| 082 |
_a597.9 _bMCC |
||
| 100 |
_aColin McCarthy _913567 |
||
| 245 | _aEye Witness Books : Reptile / | ||
| 260 |
_bStoddart, _aKnopf _c1990 |
||
| 300 | _a64 p. : | ||
| 942 |
_2ddc _cBK |
||
| 999 |
_c523365 _d523365 |
||